01426nam a22003497a 4500003000500000005001700005008004100022010001000063011001000073035001000083040000900093090001000102100003600112245013100148260004000279300001000319502007100329590003700400590004100437590004100478590004100519590004200560650004200602650002800644901000700672942000900679949004300688949005500731999001700786952014500803952012800948CHAP20220329141011.0971013s1996 r 00010 d a61100 a62072 a66246 cCHAP aTesis00aOjeda Ojeda, Rita Celia.982912 aCostos de producción y comercialización de tuna en una sociedad desespinadora en Ojo de Agua de la Palma, Pinos, Zacatecas aChapingo, Méx. :bEl autor,c1996 a86 h. aTesis (Ing. en Agroecología) -- UACH. Programa en Agroecología aALEPHb10c20130110lUCH01h1340 aBATCH-UPDb10c20130110lUCH01h0433 aBATCH-UPDb10c20130410lUCH01h0109 aBATCH-UPDb10c20130914lUCH01h1849 aCONVERSIONb10c20130109lUCH01h133314aTunaxCostos de producción.911554814aTunaxMercadeo.9115559 aBK cFOLL bBCcTESd-151418eTS1h29216i66246si bBCcTESd33724000603171eTS2fc.2h29217i66246si c61100d61100 00102local4053708TESISaBCbBCcPA_TESISd2019-12-31fTESISl1p33724000603171r2022-06-07 00:00:00s2022-06-07tc.2w2019-12-31yTESIS 00102local4051708TESISaBCbBCcPA_TESISd2019-12-31fTESISl0oTesisp-151418r2019-12-31 00:00:00w2019-12-31yTESIS